| 000 | 00372 a2200169 4500 | ||
|---|---|---|---|
| 001 | 74421 | ||
| 020 | _a8508026900 | ||
| 040 | _cAnchieta - Colégio São Paulo | ||
| 100 | _aTeixeira, Luiz Alexandre Jr. | ||
| 240 | 1 | 0 |
_aO engenho colonial _lpor |
| 245 | 1 | 0 | _aO engenho colonial |
| 300 | _a32 | ||
| 362 | 0 | _a1993 | |
| 440 | 1 | _aÁtica | |
| 650 | 4 | _aBrasil | |
| 942 | _cBK | ||
| 999 |
_c74421 _d74421 |
||